Psychiatric pharmacogenomics / (رقم التسجيلة. 26655)

تفاصيل مارك
000 -الفاتح
حقل البيانات ثابتة الطول 01943cam a2200361 a 4500
001 - رقم الضبط
رقم الضبط 421361492
003 - محدد رقم الضبط
رقم الضبط OCoLC
005 - وقت وتاريخ اخر تعامل مع التسجيلة
رقم الضبط 20150408114107.0
008 - عناصر البيانات ثابتة الطول - معلومات عامة
حقل البيانات ثابتة الطول 090701s2010 nyua b 001 0 eng
010 ## - رقم ضبط مكتبة الكونجرس
رقم ضبط مكتبة الكونجرس 2009027407
015 ## - رقم الببليوجرافية الوطنية
رقم الببليوجرافية الوطنية GBB011488
المصدر bnb
020 ## - الرقم الدولى المعيارى للكتب
الرقم الدولى المعيارى للكتاب 9780195367294 (alk. paper)
020 ## - الرقم الدولى المعيارى للكتب
الرقم الدولى المعيارى للكتاب 0195367294 (alk. paper)
040 ## - مصدر الفهرسة
وكالة الفهرسة الأصلية DNLM/DLC
وكالة النسخ DLC
وكالة التعديل YDX
-- NLM
-- YDXCP
-- UKM
042 ## - رمز التحقق
رمز التحقق pcc
050 00 - رقم طلب مكتبة الكونجرس
رقم التصنيف RM315
رقم المادة .M73 2010
050 00 - رقم طلب مكتبة الكونجرس
رقم التصنيف RM315
رقم المادة .M73 2010
060 10 - رقم الطلب بالمكتبة الطبية الوطنية
رقم التصنيف QV 38
رقم المادة M939p 2010
082 00 - رقم تصنيف ديوى العشرى
رقم التصنيف 615.788
رقم الطبعة 22
رقم المادة MDP
100 1# - المدخل الرئيسى - إسم شخصى
الإسم الشخصى Mrazek, David.
9 (RLIN) 19067
245 10 - بيان العنوان
العنوان Psychiatric pharmacogenomics /
بيان المسئوليه,etc David A. Mrazek.
260 ## - PUBLICATION, DISTRIBUTION, ETC. (IMPRINT)
مكان الناشر او الموزع New York :
اسم الناشر او الموزع Oxford University Press,
تاريخ النشر أو التوزيع 2010.
300 ## - الوصف المادى
التعداد x, 265 p. :
تفاصيل ماديه اخرى للوعاء ill. (some col.) ;
أبعاد الوعاء 25 cm.
504 ## - تبصرة ببليوجرافية
تبصرة ببليوجرافية,الخ Includes bibliographical references and index.
505 0# - تبصرة محتويات-الفهرس
تبصرة المحتويات المصاغة The language of molecular genetics -- The fourteen genes -- The problem and the solution -- The cytochrome P450 2D6 gene -- The cytochrome P450 2C19 gene -- The cytochrome P450 2C9 gene -- The cytochrome P450 1A2 gene -- The catechol-o-methyltransferase gene -- The norepinephrine transporter gene -- The dopamine transporter gene -- The serotonin transporter gene -- The serotonin 1A receptor gene -- The serotonin 2A receptor gene -- The serotonin 2C receptor gene -- The dopamine D2 receptor gene -- The dopamine D3 receptor gene -- The dopamine D4 receptor gene -- The clinical utility of psychiatric pharmacogenomic testing -- Ethical issues to consider when using pharmacogenomic testing in psychiatric practice -- The future development of psychiatric pharmacogenomic testing.
650 #0 - المدخل الاضافى بالموضوع-مصطلح موضوعى
مصطلح موضوعي أو اسم جغرافي كعنصر مدخل Psychotropic drugs.
9 (RLIN) 19068
650 #0 - المدخل الاضافى بالموضوع-مصطلح موضوعى
مصطلح موضوعي أو اسم جغرافي كعنصر مدخل Pharmacogenomics.
9 (RLIN) 19069
650 12 - المدخل الاضافى بالموضوع-مصطلح موضوعى
مصطلح موضوعي أو اسم جغرافي كعنصر مدخل Biotransformation
التقسيم الفرعي العام genetics.
9 (RLIN) 19070
650 12 - المدخل الاضافى بالموضوع-مصطلح موضوعى
مصطلح موضوعي أو اسم جغرافي كعنصر مدخل Psychotropic Drugs
التقسيم الفرعي العام adverse effects.
9 (RLIN) 19071
650 22 - المدخل الاضافى بالموضوع-مصطلح موضوعى
مصطلح موضوعي أو اسم جغرافي كعنصر مدخل Mental Disorders
التقسيم الفرعي العام drug therapy.
9 (RLIN) 19072
650 22 - المدخل الاضافى بالموضوع-مصطلح موضوعى
مصطلح موضوعي أو اسم جغرافي كعنصر مدخل Psychotropic Drugs
التقسيم الفرعي العام pharmacokinetics.
9 (RLIN) 19073
942 ## - عناصر المدخل الإضافي( كوها)
مصدر التصنيف او مخطط الترفيف Dewey Decimal Classification
Koha [default] item type DVD
المقتنيات
حالة الفقد نموذج السعر الفعال حالة تلف ليس للاعارة رقم الطلب تاريخ الاكتساب الموقع الحالي الباركود الفرع الرئيسي Date last seen نوع المادة فى نظام كوها مصدر التصنيف او خطة الترفيف Total Checkouts
  2013-03-10     615.788 MDP 2012-12-28 المكتبة المركزية بالمجمعة (CL) 00400421 المكتبة المركزية بالمجمعة (CL) 2013-03-10 كتاب Dewey Decimal Classification  
  2013-03-10     615.788 MDP 2012-12-28 المكتبة المركزية بالمجمعة (CL) 00400422 المكتبة المركزية بالمجمعة (CL) 2013-03-10 كتاب Dewey Decimal Classification  
  2013-03-10     615.788 MDP 2013-01-05 المكتبة المركزية بالمجمعة (CL) 00401357 المكتبة المركزية بالمجمعة (CL) 2013-03-10 كتاب Dewey Decimal Classification